[Event "Almaty Open 2018"]
[Site "Almaty"]
[Date "2018.10.20"]
[Round "6"]
[White "Khegay, Dmitriy"]
[Black "Akhmetov, Ayan"]
[Result "1-0"]
[WhiteElo "2499"]
[BlackElo "2409"]
[Annotator "TA"]
[PlyCount "123"]
[EventDate "2018.10.16"]
[EventType "swiss"]
[EventCountry "KAZ"]
[SourceTitle "playchess.com"]
[Source "ChessBase"]
[SourceQuality "1"]

{[%evp 14,123,36,15,69,69,69,62,52,50,143,84,83,49,50,30,42,8,7,6,15,8,16,0,18,7,17,14,6,0,80,78,73,80,70,73,68,68,124,125,111,110,114,113,99,70,101,91,140,127,173,183,173,213,202,110,166,152,136,138,180,178,184,180,224,105,97,145,200,0,0,0,0,0,0,0,76,8,8,8,8,0,0,0,8,8,8,3,14,2,2,0,0,0,0,0,912,881,6079,5093,5676,5297,5157,5065,1300,1224,29979,29980,29980,29981,29982,29983]} 1. e4 {[%cal Be2e4,Be4e5][%mdl 32]} e6 2. d4 d5 3. Nd2 Nc6 4. Ngf3 Nf6 5. e5 Nd7 6. Nb3 a5 7. a4 b6 8. Ng5 {LiveBook: 6 Games. C04: French Tarrasch: 3...Nc6} Ba6 $146 (8... h6 $11 9. Bb5 Ne7) ({Predecessor:} 8... h6 9. Nh3 g6 10. Nf4 Bg7 11. h4 h5 12. c3 Qe7 13. Bd3 Nf8 14. Be3 Bb7 15. Qe2 O-O-O {1-0 (39) Kravtsiv,M (2679)-Shachar,E (2401) Israel 2018}) 9. Bxa6 $14 Rxa6 10. O-O {White is slightly better.} Ra7 11. Be3 Qc8 (11... Be7 $14) 12. Qh5 ({White should play} 12. c4 $1) 12... g6 $16 13. Qh3 (13. Qf3 {seems wilder.} Nd8 14. c4 Qa8 15. Rac1 Be7 16. cxd5 Qxd5 17. Nd2) 13... h6 14. Nc1 Ne7 15. Nd3 Bg7 16. Nf3 c5 17. c3 Rc7 18. Rfe1 h5 19. Bg5 Nf5 20. Nh4 Nxh4 $1 21. Qxh4 Bh6 (21... cxd4 $11 {remains equal.} 22. cxd4 (22. Qxd4 Rc4 $15) 22... O-O) 22. Bxh6 Rxh6 23. Qg5 $36 {[%mdl 2048] White is in control.} Rh8 24. Nf4 {[%cal Bd3f4,Bf4e2,Be2g3][%mdl 32]} Nf8 25. c4 dxc4 (25... Qd8 $14 26. Qxd8+ Kxd8) 26. d5 $1 Qd8 27. Qg3 $1 {[%mdl 1024] White has strong compensation.} g5 28. d6 Rd7 {...h4 is the strong threat.} 29. Ne2 f5 30. Qc3 Kf7 31. Qxc4 Qa8 32. Ng3 $1 h4 33. Nxf5 $1 h3 {[%csl Gh3][%cal Ra8g2]} 34. f3 (34. Re4 $1 $18) 34... hxg2 (34... Qd5 $16 35. Qxd5 exd5) 35. Qg4 $18 (35. Kxg2 Ng6 $11) 35... Qd8 (35... exf5 $2 36. Qxf5+ Kg7 37. e6 $18) 36. Ne7 (36. Kxg2 exf5 37. Qxf5+ Kg7 $17) 36... Rxe7 37. dxe7 Qxe7 38. f4 (38. Kxg2 $6 Rh4 $16) 38... Ng6 39. Qxg5 (39. fxg5 $18 {is more deadly.} Rh4 40. Qg3 (40. Qxg2 Nf4 $18)) 39... Qxg5 $16 40. fxg5 $18 {[%mdl 4096] Endgame KRR-KRN} Nh4 (40... Nf4 $16) 41. Ra3 $2 ({White should try} 41. Re4 $18) 41... Rd8 $1 $11 42. Rg3 Kg6 43. b3 Rd4 44. h3 c4 {[#]} (44... Rd2 $11 {keeps the balance.}) 45. bxc4 (45. Rb1 $1 $16) 45... Rxc4 46. Ra1 Rc2 $1 47. Kh2 Rf2 48. Kg1 Re2 49. Rc1 Ra2 50. Kh2 {aiming for Rc4.} Rxa4 51. Rc6 Kf5 {Threatening ...Ra1.} 52. g6 Ra1 {[%csl Gg2][%cal Ra1h1]} 53. Rxg2 $1 Nxg2 {KRN-KR} 54. g7 Nh4 $2 {[%mdl 8192] [#]} (54... Ne1 $11 55. Rc2 (55. g8=Q Nf3+ 56. Kg3 Rg1+ 57. Kxf3 Rxg8 $17) 55... Nxc2) 55. Rc2 $1 $18 ({Inferior is} 55. g8=Q Nf3+ 56. Kg3 Rg1+ 57. Kxf3 Rxg8 $17) 55... Kf4 56. Rc4+ Kf3 57. Rc3+ Ke4 58. g8=Q {White wants to mate with Qg4+.} Ra2+ 59. Kg1 {Threatening mate with Qg4+.} Rg2+ 60. Qxg2+ $1 {White mates.} Nxg2 61. Kxg2 b5 62. Rc5 {Precision: White = 75%, Black = 50%.} 1-0

[Event "Almaty Open 2018"]
[Site "Almaty"]
[Date "2018.10.20"]
[Round "6"]
[White "Kostenko, Petr"]
[Black "Primbetov, Kazbek"]
[Result "1/2-1/2"]
[WhiteElo "2459"]
[BlackElo "2251"]
[Annotator "TA"]
[PlyCount "193"]
[EventDate "2018.10.16"]
[EventType "swiss"]
[EventCountry "KAZ"]
[SourceTitle "playchess.com"]
[Source "ChessBase"]
[SourceQuality "1"]

{[%evp 18,193,-20,-24,21,0,26,0,25,22,31,6,4,2,12,-8,-8,-7,0,-7,0,-9,0,0,0,0,0,0,0,0,0,0,27,18,20,19,24,28,25,27,27,28,35,19,33,16,29,8,16,16,16,16,16,16,16,16,33,33,32,18,33,0,0,0,6,6,10,-9,4,1,3,0,6,0,21,0,0,17,10,0,0,4,30,0,0,0,0,0,15,0,0,0,10,0,8,11,31,29,33,0,20,0,0,0,43,47,40,33,36,49,93,56,69,12,22,0,8,8,8,0,0,0,0,0,0,0,0,0,0,0,0,0,0,0,8,8,8,8,8,8,8,8,8,0,0,0,0,0,0,0,0,0,0,0,0,0,0,0,0,0,0,0,0,0,0,0,0,0,0,0,0,0,0,0,0,0,0,0]} 1. d4 d5 2. Bf4 Nf6 3. e3 c5 4. Nf3 Nc6 5. c3 Qb6 6. Qb3 c4 7. Qc2 Bf5 8. Qc1 e6 9. Nbd2 Qd8 10. Nh4 {LiveBook: 6 Games. D02: 1 d4 d5 2 Nf3 sidelines, including 2...Nf6 3 g3 and 2...Nf6 3 Bf4} (10. Be2 h6 11. b3 b5 12. a4 a6 13. axb5 axb5 14. bxc4 bxc4 15. Bd1 Nd7 16. Ba4 Rc8 17. O-O Be7 {1-0 (53) Jumabayev,R (2604)-Vaganian,R (2548) Tsaghkadzor 2017}) 10... Bg6 (10... Be4 $5) 11. h3 Be7 (11... Be4 {looks sharper.} 12. Be2 a6 13. O-O Bd6 14. Bg5 Be7) 12. Be2 {White has an edge.} b5 $146 {[%cal Bb7b5,Bb5b4][%mdl 32]} (12... Be4 {seems wilder.} 13. Nhf3 O-O 14. O-O Bf5 15. Nh4 Be4) ({Predecessor:} 12... Be4 13. Nxe4 Nxe4 14. Nf3 b5 15. Qc2 O-O 16. O-O Bd6 17. a4 b4 18. Bxc4 Bxf4 19. exf4 bxc3 20. bxc3 {1-0 (49) Srinath,R (2321)-Baltic,F (2210) Warsaw 2017}) 13. Nxg6 hxg6 14. Bd1 O-O 15. O-O b4 16. Ba4 Rc8 17. Re1 Bd6 18. Bxd6 Qxd6 19. e4 bxc3 20. bxc3 {[#] Threatens to win with e5.} Nxe4 21. Nxe4 dxe4 22. Rxe4 Ne7 23. Bd1 Rb8 24. Re5 Qb6 25. Bf3 Rfc8 26. h4 Qb2 27. g3 Qxc1+ 28. Rxc1 Rb2 29. Ra5 Rc7 30. Kf1 Kf8 31. Ke1 Ke8 32. Be2 Kd7 33. Kd1 Nd5 34. Rc2 Rb1+ 35. Kd2 Kd6 36. Ra6+ Kd7 37. Bf3 Rf1 38. Ke2 Rb1 39. h5 gxh5 40. Bxh5 g6 41. Bf3 Rcb7 42. Ra5 Kd6 43. Bg2 Rg1 44. Be4 Rgb1 45. Kf3 R1b5 46. Ra6+ R5b6 47. Ra4 Rc7 48. Kg2 a6 49. Bf3 g5 50. Be2 Rbc6 51. Kf1 Rc8 52. Ke1 Nf6 53. Ra5 Nd5 54. Ra4 Nf6 55. Rc1 Nd5 56. Kd2 Nf6 57. Kc2 Nd5 58. Rb1 f5 59. Kd2 g4 60. Bf1 Rh8 {[#] aiming for ...Rh2.} 61. Rxc4 Rh2 62. Rxc6+ Kxc6 $14 {[%mdl 4096] Endgame KRB-KRN} 63. Ke1 ({But not} 63. Bxa6 Rxf2+ 64. Kd3 (64. Ke1 Rxa2 65. Bb7+ Kd6 $15) 64... Rf3+ 65. Kd2 Rxg3 $15) 63... f4 64. gxf4 Nxf4 65. Bxa6 (65. c4 $14) 65... Nh3 $1 $11 {The position is equal.} 66. Rb5 Rxf2 67. Re5 Rxa2 {Hoping for ...g3.} 68. Bc4 Ra1+ 69. Kd2 Nf4 70. Rg5 Rg1 71. Ke3 Nd5+ 72. Bxd5+ exd5 {KR-KR} 73. Kf4 Rc1 74. Rxg4 Rxc3 75. Rg6+ Kd7 76. Ke5 Rc6 77. Rg7+ Kd8 78. Kxd5 (78. Ra7 {with more complications.} Rh6 79. Rb7 Rg6 80. Kxd5 Rf6 81. Rh7) 78... Rh6 (78... Ra6 {keeps more tension.} 79. Rb7 Rf6 80. Rh7 Rb6 81. Kc4 Rc6+) 79. Kc5 Rf6 80. d5 Rh6 81. Rb7 Rg6 82. Kd4 Rh6 83. Ra7 Rg6 84. Rh7 Ra6 85. Ke5 $1 Rb6 86. Rf7 Rh6 87. Rf1 Ra6 88. Rh1 Rb6 89. Kf5 Ra6 90. Rg1 Rb6 91. Re1 Kd7 92. Re2 Rh6 93. Ke5 Rh5+ 94. Kd4 Rh1 95. Re3 Kd6 96. Re6+ Kd7 97. Ra6 {Precision: White = 61%, Black = 62%.} 1/2-1/2

[Event "Almaty Open 2018"]
[Site "Almaty"]
[Date "2018.10.20"]
[Round "6"]
[White "Saiyn, Zhanat"]
[Black "Kekelidze, Mikheil"]
[Result "1/2-1/2"]
[WhiteElo "2370"]
[BlackElo "2360"]
[Annotator "NA"]
[PlyCount "116"]
[EventDate "2018.10.16"]
[EventType "swiss"]
[EventCountry "KAZ"]
[SourceTitle "playchess.com"]
[Source "ChessBase"]
[SourceQuality "1"]
[TimeControl "5400+30"]

{[%evp 16,101,17,16,0,4,32767,0,32767,0,32767,32767,32767,32767,32767,32767,32767,32767,32767,-46,13,-46,-28,-26,-28,-30,-16,-34,-3,-26,-15,-37,-12,-19,-9,-13,-8,-11,-10,-15,0,0,0,-26,0,-29,32767,-31,-45,-37,-23,-29,-24,-18,-22,-14,-14,-44,0,0,0,-8,-8,0,32767,32767,0,32767,32767,32767,-8,-8,-8,0,0,0,0,0,0,0,0,0,32767,0,0,32767,32767,0]} 1. d4 {[%emt 0:04:39]} Nf6 {[%emt 0:00:00]} 2. Nc3 {[%emt 0:00:16]} d5 {[%emt 0:00:02]} 3. Bg5 {[%emt 0:00:06]} Nbd7 {[%emt 0:00:16]} 4. Nf3 {[%emt 0:00:14]} c6 {[%emt 0:01:46]} 5. Qd3 {[%emt 0:00:26]} g6 {[%emt 0:03:52]} 6. e4 {[%emt 0:00:43] D01: Damenbauernspiele (Richter-Weressow)} dxe4 {[%emt 0:00:20]} 7. Nxe4 {[%emt 0:00:06]} Bg7 {[%emt 0:00:18]} 8. Be2 {[%emt 0:01:27]} Nxe4 {[%emt 0:05:39]} 9. Qxe4 {[%emt 0:00:05]} Nf6 {[%emt 0:00:07]} 10. Qd3 {[%emt 0:01:17]} (10. Qe3 O-O 11. O-O h6 12. Bh4 Qb6 13. Bc4 g5 {0-1 (67) Cubas,J (2473)-Matsuura,E (2469) Rio Branco 2017}) 10... Bf5 {[%emt 0:01:18]} 11. Qb3 {[%emt 0:00:15]} Qb6 $146 {[%emt 0:00:46]} ({Vorgänger:} 11... O-O 12. O-O Qc8 13. Rfe1 h6 14. Bh4 Nd5 {1-0 (32) Lopez Raygoza,L (2161)-Navarrete Garcia,A (2072) Mexico City 2014}) 12. Bc4 {[%emt 0:02:13]} Qxb3 {[%emt 0:07:42]} 13. Bxb3 {[%emt 0:00:06]} a5 {[%emt 0:00:28]} 14. a4 {[%emt 0:00:47]} Be4 {[%emt 0:03:00]} 15. O-O-O {[%emt 0:08:56]} Bxf3 {[%emt 0:00:39]} 16. gxf3 {[%emt 0:00:02]} e6 {[%emt 0:01:57]} 17. c4 {[%emt 0:06:30]} Ra6 {[%emt 0:14:32]} 18. d5 {[%emt 0:03:02]} Rb6 {[%emt 0:04:51]} 19. Rd3 $1 {[%emt 0:02:31]} cxd5 {[%emt 0:01:25]} 20. cxd5 {[%emt 0:00:06]} Nxd5 {[%emt 0:02:25]} 21. Bxd5 {[%emt 0:06:13]} exd5 {[%emt 0:04:11]} 22. Re1+ {[%emt 0:00:02]} Re6 {[%emt 0:05:17]} 23. Bd2 {[%emt 0:00:06]} O-O {[%emt 0:03:27]} 24. Rxd5 {[%emt 0:05:57]} Rc8+ {[%emt 0:00:45]} 25. Kb1 {[%emt 0:02:40]} Rb6 {[%emt 0:00:17]} 26. Rb5 {[%emt 0:02:32]} Rxb5 {[%emt 0:01:04]} 27. axb5 {[%emt 0:00:07]} Bd4 {[%emt 0:00:37]} 28. Bxa5 {[%emt 0:03:53]} Bxf2 {[%emt 0:01:03]} 29. Rd1 {[%emt 0:02:07]} h5 {[%emt 0:03:37]} 30. b6 {[%emt 0:08:39]} Rc6 {[%emt 0:00:39]} 31. Rd8+ $1 {[%emt 0:01:10]} Kh7 {[%emt 0:00:12]} 32. Bc3 {[%emt 0:03:08]} g5 {[%emt 0:03:44]} 33. Rd7 {[%emt 0:00:05]} Kg6 {[%emt 0:02:30]} 34. Rxb7 {[%emt 0:00:07]} Bxb6 {[%emt 0:01:26]} 35. h3 {[%emt 0:01:30]} f6 {[%emt 0:01:30]} 36. Re7 {[%emt 0:02:22]} Rc4 {[%emt 0:07:11]} 37. Re6 {[%emt 0:00:12]} Bd8 {[%emt 0:00:04]} 38. Rd6 {[%emt 0:00:03]} Be7 {[%emt 0:00:06]} 39. Rd4 {[%emt 0:00:03]} Rc5 {[%emt 0:03:50]} 40. Rd7 {[%emt 0:16:20]} Bf8 {[%emt 0:00:18]} 41. Rd8 {[%emt 0:00:32]} Bh6 {[%emt 0:01:11]} 42. Rd3 {[%emt 0:00:25]} Rc4 {[%emt 0:04:19]} 43. Rd4 {[%emt 0:01:10]} Rxd4 {[%emt 0:03:08]} 44. Bxd4 {[%emt 0:00:07]} f5 {[%emt 0:00:04]} 45. Kc2 {[%emt 0:07:33]} g4 {[%emt 0:02:56]} 46. fxg4 {[%emt 0:00:10]} fxg4 {[%emt 0:00:17]} 47. hxg4 {[%emt 0:00:06]} h4 {[%emt 0:01:10]} 48. Kd3 {[%emt 0:01:28]} h3 {[%emt 0:01:16]} 49. Be5 {[%emt 0:01:19]} Kg5 {[%emt 0:01:17]} 50. Ke2 {[%emt 0:00:12]} Kxg4 {[%emt 0:00:12]} 51. Kf2 $11 {[%emt 0:01:09]} Bf8 {[%emt 0:00:05]} 52. Kg1 {[%emt 0:00:11]} Kf5 {[%emt 0:00:08]} 53. Bb8 {[%emt 0:00:17]} Ke4 {[%emt 0:00:05]} 54. Kh2 {[%emt 0:00:08]} Kd3 {[%emt 0:00:04]} 55. Be5 {[%emt 0:00:13]} Kc2 {[%emt 0:00:05]} 56. Kxh3 {[%emt 0:00:05]} Kb3 {[%emt 0:00:03]} 57. Kg4 {[%emt 0:00:07]} Ba3 {[%emt 0:00:03]} 58. bxa3 {[%emt 0:00:02]} Kxa3 1/2-1/2

[Event "Almaty Open 2018"]
[Site "Almaty"]
[Date "2018.10.20"]
[Round "6"]
[White "Urazayev, Arystanbek"]
[Black "Yudin, Sergei"]
[Result "1/2-1/2"]
[WhiteElo "2321"]
[BlackElo "2526"]
[Annotator "TA"]
[PlyCount "159"]
[EventDate "2018.10.16"]
[EventType "swiss"]
[EventCountry "KAZ"]
[SourceTitle "playchess.com"]
[Source "ChessBase"]
[SourceQuality "1"]

{[%evp 22,159,54,47,50,42,78,0,0,0,0,-28,-28,-24,-33,-22,-22,-26,-27,-37,-26,-31,-25,-22,-27,-62,-8,-11,0,-6,0,-15,-26,-58,23,-16,-12,-113,-112,-103,-85,-126,-126,-128,-135,-113,-57,-48,-20,-46,-48,-60,-60,-55,-60,-83,-37,-77,-76,-76,-76,-76,0,0,0,-49,-46,-73,-49,-73,-74,-76,-57,-77,-51,-63,-59,-142,-75,-103,-103,-115,-91,-138,-133,-145,-147,-158,-131,-184,-165,-296,-295,-405,-81,-84,-77,-77,-11,-11,-11,-11,-11,-11,-11,-11,-11,-18,-19,-17,-12,-12,0,0,0,0,0,0,0,-19,-19,-26,-19,-24,-24,-25,-20,-25,-25,-28,-9,-9,-9,-16,0,-21,0,-21,-8,-8]} 1. e4 d6 2. d4 Nf6 3. Nc3 e5 4. Nf3 Nbd7 5. Bc4 Be7 6. O-O O-O 7. a4 a5 8. h3 c6 9. Re1 h6 10. Ba2 Re8 11. Be3 {C41: Philidor Defence} Qc7 12. Qe2 {LiveBook: 8 Games} (12. Qd2 exd4 13. Nxd4 Bf8 14. Nf5 Nc5 15. Bxc5 dxc5 16. Rad1 Bxf5 17. exf5 Rad8 18. Qc1 Rxe1+ 19. Rxe1 {0-1 (77) Li,R (2571)-Petrosian,T (2595) Las Vegas 2017}) 12... exd4 13. Bxd4 {White is slightly better.} Bf8 $146 ({Predecessor:} 13... Ne5 14. Nh4 Nh7 15. Nf5 Bf6 16. Rad1 Bxf5 17. exf5 d5 18. Kh1 Rad8 {0-1 (48) Della Morte,G (2326)-Giampa,A (2229) Buenos Aires 2017}) 14. Qc4 ({White should try} 14. Nh4 $16) 14... Ne5 $11 15. Bxe5 dxe5 16. Nb5 Qe7 17. Qxf7+ Qxf7 18. Bxf7+ Kxf7 19. Nc7 Be6 20. Nxe5+ Kg8 21. Nxa8 Rxa8 22. Rad1 Re8 23. f4 Bc8 (23... g5 $15) 24. Kh2 g5 25. g3 Bg7 26. Rd2 Nh5 27. Nd3 c5 (27... gxf4 $15 28. gxf4 b6) 28. Nxc5 gxf4 29. gxf4 (29. g4 $11 b6 30. Nd3) 29... Nxf4 $17 30. e5 Nxh3 ({Of course not} 30... Bxh3 $6 31. Nxb7 Rxe5 32. Rxe5 $11) 31. Kg3 Ng5 $1 ({Don't play} 31... Rxe5 $6 32. Rd8+ Kf7 33. Rxc8 $11) 32. Rd5 b6 33. Nd3 Bf5 (33... Bf8 $17 34. Rb5 Re6) 34. Rb5 $1 $15 Rc8 35. Rxb6 Rxc2 36. e6 Nxe6 $1 37. Rexe6 Bxd3 38. b4 Rc3 39. Kg2 Bf5 40. Re7 {[#] Black should prevent Rb8+.} Kf8 $1 {[%cal Rf8e7]} 41. Rbb7 {[#]} Bh3+ (41... Bf6 $1 $17 {[%cal Rf6e7]} 42. Rf7+ Ke8 43. Rxf6 Be4+ 44. Kf2 Bxb7 45. Rxh6 axb4) 42. Kh2 $11 Bd4 43. Rf7+ Ke8 44. Rbe7+ Kd8 45. Re4 Bb6 {White must now prevent ...Bc7+.} 46. bxa5 Bxa5 47. Re5 Bb4 {...Bd6 is the strong threat.} 48. Rd5+ Kc8 49. Rf4 (49. Rf6 $15) 49... Be7 ({Better is} 49... Be6 50. Rd1 Bb3) 50. Re4 Bg5 51. Rdd4 {aiming for Rc4+.} Bf1 {And now ...Kc7 would win.} 52. a5 Kc7 53. Re1 Bb5 54. Rb1 Bc6 {Threatens to win with ...Rc5.} 55. a6 (55. Rf1 $17 {is a better defense.}) 55... Bf6 56. Rg4 (56. Rdb4 $142) 56... h5 $19 57. Rg8 Be5+ $2 (57... Rc2+ $19 {and Black stays clearly on top.} 58. Kg1 h4) 58. Kg1 $17 h4 59. a7 Rg3+ (59... Bd4+ $17 60. Kh2 Be5+ 61. Kg1 Rg3+ 62. Rxg3 hxg3) 60. Rxg3 $11 hxg3 61. Rb4 $1 Bb7 62. Ra4 Bd6 63. Ra5 Ba8 64. Rb5 Bf4 65. Rb3 Be5 66. Rb4 Bf3 67. Ra4 Bd6 68. Ra5 Bf4 69. Ra3 Ba8 70. Rb3 Kd6 71. Kf1 Ke6 72. Ke2 g2 73. Kf2 Bh2 74. Rb6+ Kf5 75. Rb5+ Be5 76. Kg1 {The position is equal.} Kf4 77. Rb4+ Kf5 78. Rb5 Kf4 {( -> ...Bd4+)} 79. Rb4+ Kf3 {Strongly threatening ...Bf4.} 80. Rb3+ $1 {Precision: White = 44%, Black = 42%.} 1/2-1/2

[Event "Almaty Open 2018"]
[Site "Almaty"]
[Date "2018.10.20"]
[Round "6"]
[White "Mezentsev, Ivan"]
[Black "Askarov, Bakhtiyar"]
[Result "1-0"]
[WhiteElo "2270"]
[BlackElo "2428"]
[Annotator "TA"]
[PlyCount "63"]
[EventDate "2018.10.16"]
[EventType "swiss"]
[EventCountry "KAZ"]
[SourceTitle "playchess.com"]
[Source "ChessBase"]
[SourceQuality "1"]

{[%evp 28,63,-20,-29,9,-5,62,66,61,28,95,94,102,92,116,95,118,78,83,32,139,131,214,228,272,266,1029,749,821,802,797,782,1643,2064,2066,1894,5539,3387]} 1. d4 Nf6 2. c4 g6 3. Nc3 Bg7 4. e4 d6 5. Nf3 O-O 6. Be2 e5 7. O-O Nc6 8. d5 Ne7 9. b4 a5 10. Ba3 axb4 11. Bxb4 Nd7 12. a4 Bh6 13. Ne1 {[%cal Bf3e1,Be1d3,Bd3b2,Bb2c4][%mdl 32] E97: King's Indian: Classical Main Line (6...e5 7 0-0 Nc6): 8 Be3 and 8 d5 Ne7, not 9 Ne1} (13. a5 f5 14. Bd3 Kh8 15. Re1 Nf6 16. c5 fxe4 17. cxd6 cxd6 18. Nxe4 Nxe4 19. Bxe4 Bf5 20. Rb1 Qd7 21. h3 Rac8 22. Qb3 {½-½ (90) Kramnik,V (2790)-Carlsen,M (2813) Nice 2010}) 13... f5 14. Nd3 Nf6 15. Bf3 {LiveBook: 5 Games. The position is equal.} Kh8 16. c5 $146 ({Predecessor:} 16. Re1 Rf7 17. Ra2 Bf8 18. Qb3 fxe4 19. Bxe4 Nf5 20. Qd1 Nd4 {1-0 (33) Gromovs,S (2341)-Ricci,M (2147) Bratto 2004}) 16... Neg8 (16... fxe4 $11 17. cxd6 cxd6 18. Nxe4 Nxe4 19. Bxe4 Bf5 20. Bxf5 Nxf5) 17. cxd6 $14 cxd6 18. Nb2 Ne8 (18... fxe4 $1 $11 19. Be2 e3) 19. Nc4 $16 Ngf6 20. a5 {[%cal Ba4a5,Ba5a6][%mdl 32]} fxe4 21. Bxe4 Bf5 22. f3 Rc8 23. Qd3 (23. Qe2 $16) 23... Rc7 (23... Nh5 $1 $14 24. g3 Qg5) 24. a6 Rxc4 (24... bxa6 $16 {was called for.} 25. Bxf5 gxf5) 25. Qxc4 $18 Be3+ 26. Kh1 Nh5 $2 (26... bxa6 27. Bxf5 gxf5 28. Rxa6 Nh5) 27. Bxf5 {White is clearly winning.} Ng3+ 28. hxg3 Rxf5 29. Qh4 Rh5 {[#]} 30. Qxh5 $3 gxh5 31. axb7 Nc7 {[#]} 32. Bxd6 $1 {[%mdl 512] Precision: White = 53%, Black =  2%.} 1-0

[Event "Almaty Open 2018"]
[Site "Almaty"]
[Date "2018.10.20"]
[Round "6"]
[White "Jumanov, Elbek"]
[Black "Khusenkhojaev, Muhammad"]
[Result "0-1"]
[WhiteElo "2243"]
[BlackElo "2443"]
[Annotator "TA"]
[PlyCount "46"]
[EventDate "2018.10.16"]
[EventType "swiss"]
[EventCountry "KAZ"]
[SourceTitle "playchess.com"]
[Source "ChessBase"]
[SourceQuality "1"]

{[%evp 22,46,-8,0,0,-8,0,0,0,0,0,0,0,0,10,-22,0,0,0,-4,0,-1,-4,-33,-23,-681,-663]} 1. c4 Nf6 2. g3 e6 3. Bg2 d5 4. d4 dxc4 5. Nf3 c5 6. Qa4+ Nbd7 7. O-O a6 8. Nc3 Be7 9. dxc5 Bxc5 10. Qxc4 {E02: Open Catalan: 5 Qa4+} b5 11. Qd3 Bb7 12. Be3 {LiveBook: 3 Games. The position is equal.} O-O 13. Rac1 Qe7 14. Bxc5 Nxc5 15. Qe3 Rfc8 $146 ({Predecessor:} 15... Rac8 16. Rfd1 {½-½ (43) Grabarczyk,M (2436)-Sylvan,J (2384) Fredericia 2017}) 16. Rfd1 b4 17. Nb1 a5 18. Nd4 {Threatens to win with Nf5!} Bxg2 19. Kxg2 Na4 20. Qb3 Qb7+ 21. Kg1 Nc5 22. Qe3 Ng4 23. Qg5 $2 {[%mdl 8192] [#]} (23. Qf4 $11 Nf6 24. Nd2) 23... Nxf2 $1 {[%mdl 512]} 0-1

[Event "Almaty Open 2018"]
[Site "Almaty"]
[Date "2018.10.21"]
[Round "7"]
[White "Yudin, Sergei"]
[Black "Igambergenov, Alibek"]
[Result "1-0"]
[WhiteElo "2526"]
[BlackElo "2253"]
[Annotator "TA"]
[PlyCount "83"]
[EventDate "2018.10.16"]
[EventType "swiss"]
[EventCountry "KAZ"]
[SourceTitle "playchess.com"]
[Source "ChessBase"]
[SourceQuality "1"]

{[%evp 18,83,2,11,54,13,81,15,125,119,116,118,119,123,220,81,107,72,121,84,75,71,80,77,81,15,17,0,0,-6,-8,-110,136,141,329,334,352,325,339,344,289,186,205,116,106,96,99,114,144,139,155,151,200,186,4810,4810,4810,4802,2269,2291,978,971,29993,29994,29994,29995,29995,29996]} 1. e4 e6 2. Qe2 c5 3. g3 Nc6 4. Bg2 g6 5. c3 Bg7 6. f4 {C00: Französische Verteidigung (Seltene Züge)} Nge7 7. Nf3 O-O 8. O-O d6 9. Na3 e5 10. d3 {LiveBook: 3 Partien} h6 11. Nc4 $146 (11. f5 $5) ({Vorgänger:} 11. f5 gxf5 12. Nh4 fxe4 13. dxe4 Be6 {½-½ (30) Fedorov,A (2572)-Stupak,K (2565) Minsk 2018}) 11... Be6 (11... b5 $11 12. Ne3 exf4 13. gxf4 b4) 12. Ne3 (12. f5 $1 $16 {[%cal Rf5e6]} gxf5 13. Nh4) 12... Qd7 (12... exf4 $11 {hält das Gleichgewicht.} 13. gxf4 Qd7) 13. f5 $1 $16 {[%cal Rf5e6]} gxf5 14. Nh4 $1 f4 15. gxf4 Ng6 (15... exf4 $16 16. Rxf4 Ng6) 16. Nef5 (16. f5 $1 $18 {[%cal Rf5e6] ist der präzise Gewinnweg.} Nxh4 17. Ng4) 16... exf4 17. Bxf4 (17. Rxf4 {keeps more tension.} Kh7 18. Rg4 Nce7 19. Qf2 Rg8 20. Rg3) 17... Nxh4 18. Nxh4 Ne7 19. Be3 f5 20. Qd2 Rf6 21. d4 (21. Rf3 $16) 21... fxe4 $11 22. Bxe4 Bh3 23. Rxf6 Bxf6 24. Kh1 {[#]} (24. Ng2 $11) 24... Bxh4 $2 (24... Qe6 $1 $17 {[%cal Re6e4]} 25. Bxb7 Rb8 26. Rg1+ Kh8) 25. Rg1+ $16 Kf8 $2 (25... Kf7 $16) 26. Bxh6+ $18 Ke8 {Und ...De6 würde nun gewinnen.} 27. Qf4 {[%csl Gh6][%cal Rf4f8]} Qe6 {Droht ...Lf2! und aus.} 28. Qxh4 Nf5 29. Qh5+ Kd7 {[#]} 30. Bxb7 (30. Qf3 $1 $18 {Lxf5 ist eine echte Drohung.} d5 31. Bc2 (31. Bxd5 Qxh6 32. dxc5 Rh8 $14)) 30... Rb8 $16 31. Qxh3 Rxb7 32. Qg2 Rb8 33. Bf4 {Und weiter mit dxc5 wäre nett.} cxd4 34. cxd4 Qxa2 35. Rc1 Qa4 $2 (35... Ne7) 36. Qe4 $18 Rf8 37. Qb7+ Ke6 38. Re1+ Kf6 {[#]} 39. Bxd6 $1 {[%mdl 512] jetzt Le7+ und aus.} Rg8 (39... Nxd6 40. Qe7+) 40. Be5+ {Weiß setzt Matt.} Kg6 41. Rg1+ Kh6 42. Bf4+ {Precision: Weiß = 44%, Schwarz = 29%.} 1-0

[Event "Almaty Open 2018"]
[Site "Almaty"]
[Date "2018.10.21"]
[Round "7"]
[White "Burmakin, Vladimir"]
[Black "Fier, Alexandr"]
[Result "1/2-1/2"]
[WhiteElo "2523"]
[BlackElo "2558"]
[Annotator "TA"]
[PlyCount "22"]
[EventDate "2018.10.16"]
[EventType "swiss"]
[EventCountry "KAZ"]
[SourceTitle "playchess.com"]
[Source "ChessBase"]
[SourceQuality "1"]

{[%evp 19,22,0,0,0,26]} 1. Nf3 Nf6 2. g3 d5 3. c4 c6 4. Qb3 g6 5. Bg2 Bg7 6. O-O O-O 7. d4 Qb6 8. Nc3 Rd8 9. Na4 {D78: Fianchetto Grünfeld: 6 0-0 c6} (9. Bd2 Bf5 10. Qa3 e6 11. e4 Nxe4 12. Nxe4 dxe4 13. Ba5 Qa6 14. Bxd8 Qxa3 15. bxa3 exf3 16. Bxf3 Nd7 17. Bg5 Bxd4 18. Rad1 e5 19. Rfe1 Nc5 20. Bf6 Nd7 21. Rxd4 exd4 22. Bxd4 {½-½ (22) Mamedyarov,S (2808)-Vachier Lagrave,M (2789) Leuven 2018}) 9... Qxb3 10. axb3 Na6 $1 {LiveBook: 23 Games} 11. Bd2 Bf5 $146 ({Predecessor:} 11... Be6 12. Rfc1 Ne8 13. Ba5 Rdc8 14. e3 h6 15. Ne1 Nd6 16. Bf1 dxc4 17. bxc4 {0-1 (35) Banusz,T (2592)-Erdos,V (2617) Ajka 2018}) 1/2-1/2